The gateway to the Middle Ages /

محفوظ في:

المؤلف الرئيسي: Duckett, Eleanor Shipley (مؤلف)

التنسيق: كتاب

اللغة: English

منشور في: Ann Arbor, Mich. : University of Michigan Press, [1961, c1938].

سلاسل: Ann Arbor paperbacks ; AA49-51.

الموضوعات:

الوسوم: إضافة وسم

لا توجد وسوم, كن أول من يضع وسما على هذه التسجيلة!

رقم الطلب: D121 .D8 v.1-3

LEADER 00992namaa2200289 4500
001 21131
003 OSt
005 20251125132453.0
008 130303t19611938miu b 001 0deng d
010 |a 61002247 
040 |c ARCE Library 
050 4 |a D121 .D8 v.1-3 
100 1 |a Duckett, Eleanor Shipley,  |e author  |9 29270 
245 1 4 |a The gateway to the Middle Ages /   |c by Eleanor Shipley Duckett. 
264 1 |a Ann Arbor, Mich. :  |b University of Michigan Press,  |c [1961, c1938]. 
300 |a 3 volumes ;   |c 21 cm. 
490 1 |a Ann Arbor paperbacks ;   |v AA49-51. 
504 |a Includes bibliographies references and indexes. 
505 0 |a 1. Italy -- 2. France & Britain -- 3. Monasticism. 
600 0 0 |a Benedict,  |c Saint, Abbot of Monte Cassino. 
650 0 |a Literature, Medieval  |x History and criticism. 
650 0 |a Civilization, Medieval. 
651 0 |a Europe  |x History  |y 392-814. 
830 0 |a Ann Arbor paperbacks ;   |v AA49-51. 
901 |a reviewed 
942 |c BK  |2 lcc 
999 |c 18631  |d 18631